La odisea / (Registro nro. 9326)

Detalles MARC
000 -LIDER
fixed length control field 00765nam a22002777a 4500
001 - NÚMERO DE CONTROL
Identificador de número de control 000192
003 - IDENTIFICACDOR DE NÚMERO DE CONTROL
control field DO-SdBPM
005 - DATE AND TIME OF LATEST TRANSACTION
control field 20250609132019.0
007 - CAMPOS FIJOS DE DESCRIPCIÓN FÍSICA
fixed length control field 000192
008 - ELEMENTOS DE LONGITUD FIJA
fixed length control field 151210b1989 ec a 00| 0 spa d
020 ## - ISBN
International Standard Book Number 9978800263
040 ## - FUENTE DE CATALOGACIÓN
Agencia que crea de manera original el registro DO-SdBPM
Idioma de catalogación spa
Agencia que realiza la transcripción BPMSU
082 #4 - NÚMERO DE CLASIFICACIÓN DECIMAL DE DEWEY
Classification number 883.2
Item number H766o 1989
Edition number 22
100 1# - ASIENTO PRINCIPAL -- NOMBRE PERSONAL
Nombre personal Homero
245 10 - MENCIÓN DE TITULO
Título La odisea /
Mención de responsabilidad Homero ; ilustración Gioconda Andrade
250 ## - MENCIÓN DE EDICION
Mención de edición 2a. ed.
260 ## - PUBLICACIÓN, DISTRIBUCIÓN, ETC. (PIE DE IMPRENTA)
Lugar de publicación, distribución, etc Ecuador ;
Nombre del editor, distribuidor, etc. Libresa,
Fecha de publicación, distribución, etc 1989.
300 ## - DESCRIPCIÓN FÍSICA
Extensión 59 p. ;
Otros detalles físicos il.
Dimensiones 21 cm.
490 1# - MENCIÓN DE SERIES
Mención de serie Clásicos de siempre
Volume/sequential designation 18
650 #4 - ENCABEZAMIENTO DE MATERIA--TEMÁTICO
Término temático o nombre geográfico como elemento de entrada Novela griega
Fechas activas
Subdivisión cronológica
650 #4 - ENCABEZAMIENTO DE MATERIA--TEMÁTICO
Término temático o nombre geográfico como elemento de entrada Literatura clásica
650 #4 - ENCABEZAMIENTO DE MATERIA--TEMÁTICO
Término temático o nombre geográfico como elemento de entrada Literatura griega
700 1# - ASIENTO SECUNDARIO -- NOMBRE PERSONAL
Nombre personal Andrade, Gioconda
Mención de responsabilidad ilustración
910 ## - VALIDACIÓN
Validación VMateo V. Control de caldiad. BPMSU
942 ## - ADDED ENTRY ELEMENTS (KOHA)
Source of classification or shelving scheme Dewey Decimal Classification
Koha item type Libros
Existencias
Withdrawn status Lost status Source of classification or shelving scheme Damaged status Not for loan Collection code Home library Current library Date acquired Source of acquisition Total Checkouts Full call number Barcode Date last seen Price effective from Koha item type
    Dewey Decimal Classification     Colección Juvenil General Biblioteca Pública Metropolitana Salomé Ureña Biblioteca Pública Metropolitana Salomé Ureña 03/18/2016 Donación   BPMSU CG 883.2 H766o 1989 BPMSU16030205 03/18/2016 03/18/2016 Libros